000 002890000a22000970004500
100 1 _aHoward, David M.
245 1 0 _aLos niños de la calle requieren nuestra mayor atención
300 _aVol. 76, Num 3 (Julio-Septiambre, 1996), Página 4
773 0 _tLatin America Evangelist
942 _cANA
999 _c54971
_d54971